| 000 | 00682nam a22002777a 4500 | ||
|---|---|---|---|
| 003 | OSt | ||
| 005 | 20140310184304.0 | ||
| 008 | 121109t xxu||||| |||| 00| 0 eng d | ||
| 020 | _a0439744733 | ||
| 050 |
_aPZ 7 _b.M854 2006 |
||
| 100 |
_aMoriarty, Julie. _923083 |
||
| 245 |
_aA snowboard show / _cJulie Moriarty. |
||
| 260 |
_aNew York : _bScholastic Inc., _c2006. |
||
| 300 |
_a8 p. : _bill. col. ; _c23 cm. |
||
| 521 | _aG1 | ||
| 526 | _c200 | ||
| 650 |
_aFiction _xJuvenile _923084 |
||
| 942 |
_2lcc _cBK-SCHOLAS |
||
| 999 |
_c33474 _d33474 |
||